Justicia distributiva para América Latina (Registro nro. 49)

Detalles MARC
000 -LEADER
fixed length control field 01015 a2200241 4500
001 - CONTROL NUMBER
control field 67
005 - DATE AND TIME OF LATEST TRANSACTION
control field 20260407155407.0
008 - FIXED-LENGTH DATA ELEMENTS--GENERAL INFORMATION
fixed length control field 260407a2004 arg spa d
003 - CONTROL NUMBER IDENTIFIER
control field AR-UNSa-BCEJYS
040 ## - CATALOGING SOURCE
Original cataloging agency AR-UNSa-BCEJYS
Language of cataloging spa
Transcribing agency AR-UNSa-BCEJYS
080 ## - UNIVERSAL DECIMAL CLASSIFICATION NUMBER
Universal Decimal Classification number 261:33
Common auxiliary subdivision Iglesia y Economía
020 ## - INTERNATIONAL STANDARD BOOK NUMBER
International Standard Book Number 987-1140-19-3
041 ## - LANGUAGE CODE
Language code of text/sound track or separate title spa
100 1# - MAIN ENTRY--PERSONAL NAME
Personal name Kesman, Carlos Vido
245 10 - TITLE STATEMENT
Title Justicia distributiva para América Latina
Name of part/section of a work una propuesta desde la doctrina social de la Iglesia
250 ## - EDITION STATEMENT
Edition statement 1a. ed
264 #1 - PRODUCTION, PUBLICATION, DISTRIBUTION, MANUFACTURE, AND COPYRIGHT NOTICE
Place of production, publication, distribution, manufacture Buenos Aires :
Name of producer, publisher, distributor, manufacturer Osmar D. Buyatti
Date of production, publication, distribution, manufacture, or copyright notice 2004
300 ## - PHYSICAL DESCRIPTION
Extent 270 p.
Dimensions 22 cm.
505 ## - FORMATTED CONTENTS NOTE
Formatted contents note 1. Concepciones globales de la Doctrina Social de la Iglesia - 2. La participación como guía para reconstruir la organización de la producción - 3. El empresario - 4. El desarrollo de los pueblos - 5. El camino a recorrer
590 ## - LOCAL NOTE (RLIN)
Local note niveau_biblio:m niveau_hierar:0
856 41 - ELECTRONIC LOCATION AND ACCESS
Uniform Resource Identifier <a href="https://biblioeco.unsa.edu.ar/pmb/images/libros/Justicia distributiva-l116427.jpg">https://biblioeco.unsa.edu.ar/pmb/images/libros/Justicia distributiva-l116427.jpg</a>
Link text Imagen de portada
Electronic format type image/jpeg
942 ## - ADDED ENTRY ELEMENTS (KOHA)
Koha item type
Existencias
Withdrawn status Lost status Damaged status Not for loan Home library Current library Shelving location Date acquired Total checkouts Full call number Barcode Date last seen Price effective from Koha item type
        Biblioteca Prof. Eusebio Cleto del Rey Biblioteca Prof. Eusebio Cleto del Rey   07/04/2026   261:33 K42 L116427 07/04/2026 07/04/2026 Libro